000 00605cam a2200169u 4500
082 0 0 _a621.31
_bLEE
_cL-9, P-25
100 1 _aLee, Bernard Crossley. [from old catalog]
_941163
245 0 0 _aTheory & calculation of alternating currents.
260 _aLondon,
_bSpon,
_c1948.
300 _avii, 150 p.
_billus.
_c23 cm.
490 0 _aElectrical engineering series
500 _a"Based on lectures given to London degree students over a period of some ten years."
526 _a0
_b0
_c0
_d621_310000000000000_LEE
650 0 _aElectric currents, Alternating.
_941164
650 0 _aMCE
_9379
942 _2ddc
_cBK
999 _c545343
_d545343